Statistics for Largest city by subdivison

Click here to take the quiz!

General Stats

  • This quiz has been taken 58 times
  • The average score is 18 of 24

Answer Stats

SubdivisionCity / Urban area% Correct
CataloniaBarcelona
98%
CaliforniaLos Angeles
98%
TexasDallas / Fort Worth
96%
LombardiaMilan
96%
ColoradoDenver
94%
BavariaMunich
94%
OntarioToronto
94%
British ColumbiaVancouver
94%
QueenslandBrisbane
91%
AlbertaCalgary
91%
HokkaidoSapporo
91%
GuangdongGuangzhou
89%
New South WalesSydney
89%
TuscanyFlorence
87%
West BengalKolkata
87%
MaharashtraMumbai
75%
BaliDenpasar
64%
East JavaSurabaya
64%
ShaanxiXi'an
57%
SichuanChengdu
55%
KarnatakaBangalore
49%
Primorsky KraiVladivostok
47%
PenangGeorge Town
25%
ChonburiPattaya
23%

Score Distribution

Percentile by Number Answered

Percent of People with Each Score

Your Score History

You have not taken this quiz